Breaking ties (Record no. 214918)
[ view plain ]
| 000 -LEADER | |
|---|---|
| fixed length control field | 00722nam a2200253Ia 4500 |
| 003 - CONTROL NUMBER IDENTIFIER | |
| control field | OSt |
| 005 - DATE AND TIME OF LATEST TRANSACTION | |
| control field | 20250121125719.0 |
| 008 - FIXED-LENGTH DATA ELEMENTS--GENERAL INFORMATION | |
| fixed length control field | 210719s2001 xx 000 0 und d |
| 040 ## - CATALOGING SOURCE | |
| Transcribing agency | AL |
| 041 ## - LANGUAGE CODE | |
| Language code of text/sound track or separate title | eng |
| 082 ## - DEWEY DECIMAL CLASSIFICATION NUMBER | |
| Classification number | 820.33 ABOB |
| 100 ## - MAIN ENTRY--PERSONAL NAME | |
| Personal name | ABOOBACKER (Sara) |
| 9 (RLIN) | 194286 |
| 245 ## - TITLE STATEMENT | |
| Title | Breaking ties |
| 260 ## - PUBLICATION, DISTRIBUTION, ETC. | |
| Place of publication, distribution, etc. | Chennai |
| Name of publisher, distributor, etc. | Macmillan India Ltd. |
| Date of publication, distribution, etc. | 2001 |
| 300 ## - PHYSICAL DESCRIPTION | |
| Extent | v---106 |
| Other physical details | PB |
| 365 ## - TRADE PRICE | |
| Price amount | 86 |
| Currency code | Rs |
| 650 ## - SUBJECT ADDED ENTRY--TOPICAL TERM | |
| Topical term or geographic name entry element | Indian English Fiction |
| 9 (RLIN) | 194287 |
| 650 ## - SUBJECT ADDED ENTRY--TOPICAL TERM | |
| Topical term or geographic name entry element | Chandragiri Teeradalli |
| 9 (RLIN) | 194293 |
| 650 ## - SUBJECT ADDED ENTRY--TOPICAL TERM | |
| Topical term or geographic name entry element | Indian English Literature |
| 9 (RLIN) | 194288 |
| 650 ## - SUBJECT ADDED ENTRY--TOPICAL TERM | |
| Topical term or geographic name entry element | SARA ABUBAKKAR. |
| 9 (RLIN) | 194290 |
| 700 ## - ADDED ENTRY--PERSONAL NAME | |
| Personal name | Vinamala Viswanatha Tr. |
| 9 (RLIN) | 194289 |
| 906 ## - LOCAL DATA ELEMENT F, LDF (RLIN) | |
| a | Breaking ; by ; ties ; Tr ; Vinamala ; Viswanatha |
| 942 ## - ADDED ENTRY ELEMENTS (KOHA) | |
| Source of classification or shelving scheme | Dewey Decimal Classification |
| Koha item type | Book |
| Withdrawn status | Lost status | Damaged status | Not for loan | Collection code | Home library | Current library | Date acquired | Cost, normal purchase price | Total Checkouts | Full call number | Barcode | Date last seen | Date last checked out | Price effective from | Koha item type |
|---|---|---|---|---|---|---|---|---|---|---|---|---|---|---|---|
| St Aloysius Library | St Aloysius Library | 08/22/2008 | 86.00 | 2 | 820.33 ABOB | D03534 | 06/26/2025 | 01/21/2025 | 07/19/2021 | Donated Books |